Speeches. (Record no. 79672)

MARC details
000 -LEADER
fixed length control field 00533nam a22001931 4500
001 - CONTROL NUMBER
control field sa 68003691
003 - CONTROL NUMBER IDENTIFIER
control field DLC
005 - DATE AND TIME OF LATEST TRANSACTION
control field 20260227112455.0
008 - FIXED-LENGTH DATA ELEMENTS--GENERAL INFORMATION
fixed length control field 710903s1916 ii ac 000 0aeng
010 ## - LIBRARY OF CONGRESS CONTROL NUMBER
LC control number sa 68003691
040 ## - CATALOGING SOURCE
Original cataloging agency DLC
Transcribing agency DLC
Modifying agency DLC
050 00 - LIBRARY OF CONGRESS CALL NUMBER
Classification number DS479.1.G6
Item number A52 1916
100 1# - MAIN ENTRY--PERSONAL NAME
Personal name Gokhale, Gopal Krishna,
Dates associated with a name 1866-1915.
245 00 - TITLE STATEMENT
Title Speeches.
250 ## - EDITION STATEMENT
Edition statement 2d ed.
260 ## - PUBLICATION, DISTRIBUTION, ETC.
Place of publication, distribution, etc. Madras,
Name of publisher, distributor, etc. G. A. Natesan
Date of publication, distribution, etc. [1916]
300 ## - PHYSICAL DESCRIPTION
Extent vii, 1236, xvii p.
Other physical details illus., ports.
Dimensions 19 cm.
600 10 - SUBJECT ADDED ENTRY--PERSONAL NAME
Personal name Gokhale, Gopal Krishna,
Dates associated with a name 1866-1915.

No items available.

Powered by Koha